| 000 | 00000nam 2200000za 4500 |
| 001 | 9.846722 |
| 003 | CaOODSP |
| 005 | 20241127153351 |
| 007 | cr ||||||||||| |
| 008 | 171107s1957 oncd os f000 0 fre d |
| 040 | |aCaOODSP|bfre |
| 043 | |an-cn--- |
| 086 | 1 |aCS82-510/1957F-PDF |
| 245 | 03|aLa fréquence de la maladie selon les groupes de diagnostics et sexe (estimations nationales) |h[ressource électronique] / |crédigé en collaboration par le Bureau fédéral de la statistique et le Ministère de la santé nationale et du bien-être social. |
| 260 | |aOttawa : |bEdmond Cloutier, Imprimeur de la Reine, |c1957. |
| 300 | |a46 p. : |bgraph. |
| 490 | 0 |aEnquête sur la maladie au Canada, 1950-1951 ; |vn° 10 |
| 500 | |aPubl. aussi en anglais sous le titre : Illness frequency by diagnostic classification: class of illness, diagnostic group and sex (national estimates). |
| 500 | |aTitre de la couv. |
| 500 | |a« Février 1957. » |
| 500 | |aNombreux tableaux. |
| 500 | |aÉdition numérisée de l'imprimé [par Statistique Canada]. |
| 520 | |a« Le présent bulletin, le dixième, fait partie d'une série de publications provisoires sur l'enquête de la maladie au Canada. Les quatre premiers rapports traitaient des dépenses familiales relativement aux services de santé, les trois suivants du volume de la maladie sous divers aspects, et les deux derniers du volume de soins de santé. Le présent rapport traite de la fréquence de la maladie selon le classement des diagnostics; il couvre donc â peu près la même matière que le n° 7 qui présentait les estimations nationales de l'incidence et de la prévalence de la maladie selon l'âge et le sexe. Le présent bulletin ne présente pas séparément les données relatives aux maladies incapacitantes, mais les bulletins suivants pourront peut-être le faire »--But, p. [5]. |
| 530 | |aÉgalement publ. en version imprimée. |
| 692 | 07|2gccst|aSanté |
| 692 | 07|2gccst|aDiagnostic |
| 692 | 07|2gccst|aStatistiques |
| 710 | 1 |aCanada. |bBureau fédéral de la statistique. |
| 710 | 1 |aCanada. |bMinistère de la santé nationale et du bien-être social. |
| 775 | 08|tIllness frequency by diagnostic classification |w(CaOODSP)9.846719 |
| 856 | 40|qPDF|s2.07 Mo|uhttps://publications.gc.ca/collections/collection_2017/statcan/CS82-510-1957-fra.pdf |
| 986 | |a82-510F |